Normal view MARC view
  • Bautista Godínez, Tomás

Entry Nombre Personal

Number of records used in: 1

001 - NUMERO DE CONTROL

  • campo de control: 48640

003 - IDENTIFICADOR DE NUMERO DE CONTROL

  • campo de control: DLC

005 - FECHA Y HORA DE LA ÜLTIMA TRANSACCIÓN

  • campo de control: 20230417161214.0

008 - DATOS DE LONGITUD FIJA

  • campo de control de longitud fija: 130405n| azannaabn |a aaa

010 ## - NÚMERO DE CONTROL DE LA BIBLIOTECA DEL CONGRESO

  • Número de control LC: n 2013018809

040 ## - FUENTE DE CATALOGACIÓN

  • Agencia original de catalogación: DLC
  • Lenguaje de catalogación: spa
  • Agencia de transcripción: DLC
  • Description conventions: rda
  • Agencia que lo modifica: MX-MxUPN

100 1# - ENCABEZAMIENTO - NOMBRE PERSONAL

  • Nombre personal: Bautista Godínez, Tomás

400 1# - VEÁSE - NOMBRE DE PERSONA

  • Personal name: Bautista, T.
  • Fuller form of name: (Tomás Bautista Godínez)

670 ## - FUENTE EN LA QUE SE LOCALIZARON DATOS

  • Cita de la fuente: Aceptación de las TIC en la docencia, 2012:
  • Información localizada: t.p. (Tomás Bautista Godínez) running footer (Bautista, T.)

670 ## - FUENTE EN LA QUE SE LOCALIZARON DATOS

  • Cita de la fuente: Educación : las paradojas de un sistema excluyente : Encuesta Nacional de Educación, 2015:
  • Información localizada: portada (Tomás Bautista Godínez)

902 ## - CATALOGADOR

  • Catalogador: Víctor Ruiz/170423